000 00702nam a2200289Ia 4500
005 20260324115141.0
008 008 260324s9999 xx 000 0 eng d
020 _a9781351027502
037 _aEBOOK
040 _aCRL
040 _beng
040 _cCRL
041 _2eng
041 _aeng
084 _qCRL
100 _aKumkum Bhattacharyya; Vijay P. Singh
_91153552
245 0 _aReservoir Sedimentation
245 0 _bAssessment and Environmental Controls
260 _bTaylor and Francis
260 _c2019
365 _a
365 _b320
856 _uhttp://www.taylorfrancis.com/books/9781351027502
942 _cEBOOK
999 _c1744222
_d1744222